Hurricanes that hit Louisiana - Statistics

General Stats
  • This quiz has been taken 48 times
  • The average score is 5 of 13
Answer Stats
Hint Answer % Correct
Costliest Hurricane on record Katrina (2005)
100%
Devastated Lake Charles Laura (2020)
60%
A month after Katrina Rita (2005)
57%
Landfall in Grand Isle Ida (2021)
50%
2 months after Laura Delta (2020)
43%
Made landfall 4 days after a category 5 landfall in Florida Andrew (1992)
40%
Held record as strongest June hurricane for 67 Years Audrey (1957)
33%
First Billion dollar hurricane Betsy (1965)
33%
Went directly over New Orleans Zeta (2020)
33%
Split a entire island on the coast in two. 1856 Last Island Hurricane
17%
Made landfall on September 11th Francine (2024)
17%
First tropical system to reach the Great lakes Cristobal (2020)
7%
Dropped 17 inches of rain, a record for the state. Barry (2019)
0%
No matching quizzes found
Score Distribution
Percent of People with Each Score
Percentile by Number Answered
Your Score History
You have not taken this quiz